[Event "Reykjavik op"]
[Site "Reykjavik"]
[Date "1982.??.??"]
[Round "?"]
[White "Fridjonsson, Joffus"]
[Black "Bajovic, Milan"]
[Result "0-1"]
[WhiteElo "2260"]
[BlackElo "2345"]
[PlyCount "82"]
[EventDate "1982.02.??"]
[Source "ChessBase"]

1. e4 e6 2. d4 d5 3. Nc3 Nf6 4. Bd3 Nc6 5. Nf3 Nb4 6. O-O Nxd3 7. Qxd3 Be7 8. Bg5 O-O 9. e5 Nd7 10. Bxe7 Qxe7 11. h3 c5 12. Nb5 b6 13. c3 Ba6 14. a4 Rfc8 15. Rfe1 Nf8 16. Qc2 Bxb5 17. axb5 Qd7 18. Qa4 Ng6 19. Ra2 h6 20. Ra3 Qc7 21. Qd1 cxd4 22. Qxd4 Qd7 23. Rb3 Rc4 24. Qd2 Qc7 25. Re3 Re4 26. Qe1 Rxe3 27. Qxe3 Rc8 28. Ra3 Qb8 29. Ra4 Rc5 30. Qe2 Qc7 31. g3 Rc4 32. Rxc4 dxc4 33. Qe4 Qc5 34. Qa8+ Kh7 35. Qxa7 Qxb5 36. Qxf7 Qxb2 37. Qxe6 Qxc3 38. Qf5 b5 39. h4 Qd3 40. Qxd3 cxd3 41. h5 Nxe5 0-1

[Event "Groningen"]
[Site "?"]
[Date "1996.??.??"]
[Round "4"]
[White "Kamstra Cor"]
[Black "Wagenmakers Eric Jan"]
[Result "1-0"]
[WhiteElo "2325"]
[BlackElo "2280"]
[PlyCount "39"]
[EventDate "1996.??.??"]
[Source "www.chesslib.no"]
[SourceDate "2004.05.04"]

1. e4 e6 2. d4 d5 3. Nc3 Nf6 4. Bd3 c5 5. Nf3 Nc6 6. exd5 exd5 7. O-O c4 8. Re1+ Be7 9. Bxc4 dxc4 10. d5 Nb4 11. d6 Be6 12. Nb5 Rc8 13. Bf4 Qa5 14. Nbd4 Nbd5 15. Bd2 c3 16. bxc3 Bxd6 17. Nxe6 fxe6 18. c4 Nc3 19. Bxc3 Qxc3 20. Qxd6 1-0

[Event "CRA Ch"]
[Site "?"]
[Date "1997.??.??"]
[Round "4"]
[White "Minero Carlos"]
[Black "Minero Pineda Sergio"]
[Result "0-1"]
[WhiteElo "2195"]
[BlackElo "2400"]
[PlyCount "46"]
[EventDate "1997.??.??"]
[Source "www.chesslib.no"]
[SourceDate "2004.05.04"]

1. e4 e6 2. d4 d5 3. Nc3 Nf6 4. Bd3 Bb4 5. Bd2 Bxc3 6. Bxc3 dxe4 7. Bc4 O-O 8. Qd2 a6 9. O-O-O b5 10. Bb3 Bb7 11. Ne2 Nc6 12. a3 Nd5 13. h3 a5 14. Bxd5 exd5 15. Kb1 Qe7 16. Qc1 b4 17. Bd2 bxa3 18. bxa3 Rfb8 19. Ka1 Ba6 20. Nc3 Nxd4 21. Nxd5 Qxa3+ 22. Qxa3 Nxc2+ 23. Ka2 Bc4+ 0-1

[Event "ADCF Masters, Abu Dhabi UAE"]
[Site "?"]
[Date "2001.??.??"]
[Round "1"]
[White "Hussan, M."]
[Black "Bagirov, R."]
[Result "0-1"]
[WhiteElo "2140"]
[BlackElo "2455"]
[PlyCount "60"]
[EventDate "2001.??.??"]
[Source "www.chesslib.no"]
[SourceDate "2004.05.04"]

1. e4 e6 2. d4 d5 3. Nc3 Nf6 4. Bd3 c5 5. exd5 exd5 6. dxc5 Bxc5 7. Nf3 O-O 8. O-O h6 9. Bf4 Nc6 10. Qd2 Re8 11. Rae1 Be6 12. a3 a6 13. Ne5 Rc8 14. Ne2 Ne4 15. Qc1 Qb6 16. Nxc6 Nxf2 17. Rxf2 Bxf2+ 18. Kh1 Rxc6 19. Rf1 Bg4 20. Nc3 Rce6 21. Nxd5 Qc6 22. Nb4 Qc5 23. Qd2 Be1 24. Qc1 Bxb4 25. axb4 Qxb4 26. Bd2 Qc5 27. Bc3 Be2 28. Bxe2 Rxe2 29. Qf4 Qh5 30. Rf3 Qg6 0-1

[Event "Teheran Asian qual"]
[Site "Teheran"]
[Date "2001.03.26"]
[Round "3"]
[White "Mallahi, Amir"]
[Black "Roghani, Arash"]
[Result "1-0"]
[WhiteElo "2382"]
[BlackElo "2210"]
[PlyCount "127"]
[EventDate "2001.03.25"]
[Source "ChessBase"]
[SourceDate "2001.05.06"]

1. e4 e6 2. d4 d5 3. Nc3 Nf6 4. Bd3 c5 5. exd5 cxd4 6. Bb5+ Bd7 7. Bxd7+ Qxd7 8. dxe6 Qxe6+ 9. Nce2 Nc6 10. Nf3 Bb4+ 11. Bd2 Bxd2+ 12. Qxd2 O-O-O 13. O-O Qc4 14. Qd3 Qxd3 15. cxd3 Rhe8 16. Rfe1 Kb8 17. a3 Nd5 18. Kf1 Nc7 19. Nf4 h6 20. h4 g6 21. Rac1 Rxe1+ 22. Rxe1 Kc8 23. Re4 Rd6 24. Ke1 Kd7 25. Kd2 Ne6 26. Nxe6 fxe6 27. b4 a6 28. Kc2 Ke7 29. Rg4 e5 30. Nd2 Kf7 31. Ne4 Rd5 32. Kb3 a5 33. Rg3 axb4 34. axb4 Kg7 35. h5 g5 36. Kc4 Ne7 37. Rf3 b5+ 38. Kb3 Rd8 39. Rf6 Nd5 40. Rg6+ Kh7 41. g3 Rf8 42. Rd6 Nc3 43. Nf6+ Kg7 44. Ng4 Rf3 45. Rg6+ Kf8 46. Rxh6 Rxd3 47. Nxe5 Rd2 48. Nf3 Rd3 49. Rf6+ Kg7 50. Kc2 Rd1 51. Rg6+ Kh8 52. Nxd4 Rxd4 53. Kxc3 Rc4+ 54. Kb3 Rd4 55. Rxg5 Rd3+ 56. Kc2 Rf3 57. Rxb5 Rxf2+ 58. Kd1 Rg2 59. Rg5 Kh7 60. g4 Rb2 61. b5 Kh6 62. Rg6+ Kh7 63. b6 Rg2 64. Kc1 1-0

[Event "Bayernliga 2000/01"]
[Site "?"]
[Date "2001.??.??"]
[Round "?"]
[White "Grundherr Martin"]
[Black "Bredl Harald"]
[Result "1-0"]
[WhiteElo "2295"]
[BlackElo "2285"]
[PlyCount "43"]
[EventDate "2001.??.??"]
[Source "www.chesslib.no"]
[SourceDate "2004.05.04"]

1. e4 e6 2. d4 d5 3. Nc3 Nf6 4. Bd3 dxe4 5. Nxe4 Bd7 6. Nxf6+ Qxf6 7. Nf3 Bc6 8. Bg5 Bxf3 9. Qd2 Bxg2 10. Bxf6 Bxh1 11. Be5 Nd7 12. Bxc7 Be7 13. O-O-O Bc6 14. Rg1 Rc8 15. Bf4 Bf6 16. c3 h6 17. Bd6 a6 18. Kb1 Bd5 19. f4 g6 20. Qe2 Be7 21. Bxe7 Kxe7 22. c4 1-0

[Event "BL2-N 9697"]
[Site "?"]
[Date "1996.??.??"]
[Round "?"]
[White "Fette Martin"]
[Black "Tyrtania Maximilian"]
[Result "1/2-1/2"]
[WhiteElo "2340"]
[BlackElo "2225"]
[PlyCount "121"]
[EventDate "1996.??.??"]
[Source "www.chesslib.no"]
[SourceDate "2004.05.04"]

1. e4 e6 2. d4 d5 3. Nc3 Nf6 4. Bd3 c5 5. exd5 Nxd5 6. Nf3 cxd4 7. Nb5 Nc6 8. Nbxd4 Nxd4 9. Nxd4 Bb4+ 10. Kf1 O-O 11. h4 f5 12. Bg5 Qc7 13. Qe2 Qb6 14. c3 Bc5 15. Nb3 Bd6 16. Bc4 h6 17. Rd1 Bd7 18. Bc1 Rae8 19. Kg1 Bb8 20. Rh3 a6 21. Qh5 Nf6 22. Qg6 Ng4 23. Be3 Qc7 24. Bd4 Bc8 25. Nc5 Qf7 26. Qxf7+ Kxf7 27. Re1 Re7 28. Rf3 g6 29. h5 Rfe8 30. a4 Nf6 31. hxg6+ Kxg6 32. Be5 Bxe5 33. Rxe5 Ng4 34. Re1 e5 35. Rd3 Rc7 36. Rd6+ Kg5 37. b4 a5 38. f3 axb4 39. cxb4 Nf6 40. a5 h5 41. g3 Rh7 42. Rxe5 Rxe5 43. f4+ Kg4 44. fxe5 Ne4 45. Nxe4 fxe4 46. Kf2 Rc7 47. Be2+ Kf5 48. Rd5 Ke6 49. Rd8 Kxe5 50. Bxh5 Rc2+ 51. Ke3 Be6 52. Be2 Rc3+ 53. Kd2 Rxg3 54. b5 Ra3 55. a6 bxa6 56. bxa6 e3+ 57. Ke1 Bd5 58. Re8+ Kd4 59. Rd8 Kc5 60. Rc8+ Kd4 61. Rc1 1/2-1/2

[Event "FRA Ch Top 16 Poule Haute"]
[Site "?"]
[Date "2005.05.06"]
[Round "10"]
[White "Bergez Luc"]
[Black "Heinz Timothee"]
[Result "1-0"]
[WhiteElo "2327"]
[BlackElo "2231"]
[PlyCount "39"]
[EventDate "2005.??.??"]
[Source "www.chesslib.no"]
[SourceDate "2004.05.04"]

1. e4 e6 2. d4 d5 3. Nc3 Nf6 4. Bd3 Be7 5. e5 Nfd7 6. Qg4 Kf8 7. Nce2 f5 8. Qh3 Kg8 9. g4 g6 10. Nf3 Nf8 11. Rg1 Kf7 12. Qh6 b6 13. Ng5+ Bxg5 14. Bxg5 Qe8 15. Nf4 c6 16. Nh5 gxh5 17. gxf5 Nfd7 18. Qxh5+ Kf8 19. Bh6+ Ke7 20. Qg5+ 1-0

[Event "FRA-chB"]
[Site "?"]
[Date "1998.??.??"]
[Round "7"]
[White "Aubert Laurent"]
[Black "Benitah Yohan"]
[Result "0-1"]
[WhiteElo "2205"]
[BlackElo "2345"]
[PlyCount "92"]
[EventDate "1998.??.??"]
[Source "www.chesslib.no"]
[SourceDate "2004.05.04"]

1. e4 e6 2. d4 d5 3. Nc3 Nf6 4. Bd3 c5 5. exd5 Nxd5 6. Nf3 cxd4 7. Nxd5 Qxd5 8. O-O Nc6 9. Re1 Be7 10. Be4 Qd6 11. b3 O-O 12. Bb2 Rd8 13. Qe2 Bf6 14. Rad1 Qc5 15. Bxc6 bxc6 16. Qe4 Qd5 17. Qxd5 cxd5 18. Bxd4 Be7 19. Ne5 Bb7 20. f4 Rdc8 21. c3 Bc5 22. Nd3 Bb6 23. g4 Rxc3 24. Bxb6 axb6 25. Nb4 Rd8 26. f5 d4 27. fxe6 fxe6 28. Rxe6 d3 29. Re3 Rd4 30. Rexd3 Rcxd3 31. Rxd3 Rxg4+ 32. Kf1 h6 33. Rd8+ Kh7 34. Rb8 Bg2+ 35. Kf2 Bh1 36. Rxb6 Rg2+ 37. Kf1 Rxh2 38. a4 g5 39. Nd3 g4 40. Nf2 g3 41. Ng4 Bf3 42. Rxh6+ Rxh6 43. Nxh6 Kxh6 44. b4 Kg5 45. a5 Bc6 46. a6 Kf4 0-1

[Event "It (Open) Bar SCG"]
[Site "?"]
[Date "2006.03.18"]
[Round "1"]
[White "Mihaljevic Mitar"]
[Black "Kalezic Blazo"]
[Result "0-1"]
[WhiteElo "2112"]
[BlackElo "2435"]
[PlyCount "42"]
[EventDate "2006.??.??"]
[Source "www.chesslib.no"]
[SourceDate "2004.05.04"]

1. e4 e6 2. d4 d5 3. Nc3 Nf6 4. Bd3 c5 5. exd5 exd5 6. Qe2+ Be7 7. dxc5 O-O 8. Bg5 h6 9. Bh4 Nc6 10. O-O-O Be6 11. Nf3 Re8 12. Qd2 Qa5 13. Bb5 a6 14. Bxc6 bxc6 15. Nd4 Bd7 16. Nb3 Qc7 17. Rhe1 a5 18. a4 Bf5 19. Bg3 Qb7 20. f3 Bg6 21. Kb1 Qxb3 0-1

[Event "NOR-chT"]
[Site "NOR"]
[Date "1990.??.??"]
[Round "?"]
[White "Hoen, Ragnar"]
[Black "Hoidahl, Erik"]
[Result "1-0"]
[WhiteElo "2340"]
[BlackElo "2205"]
[PlyCount "93"]
[EventDate "1990.??.??"]
[Source "ChessBase"]

1. e4 e6 2. d4 d5 3. Nc3 Nf6 4. Bd3 c5 5. exd5 Nxd5 6. Nf3 Nc6 7. Nxd5 Qxd5 8. dxc5 Bxc5 9. a3 Be7 10. O-O O-O 11. Qe2 Qh5 12. b4 Bf6 13. Rb1 Rd8 14. Re1 Bc3 15. Rd1 Bd7 16. Bb2 Bxb2 17. Rxb2 Ne7 18. b5 Nd5 19. Rb3 Be8 20. Qe4 Rd7 21. Re1 Nf6 22. Qe3 Nd5 23. Qc1 Rc7 24. Re5 Qg4 25. Re4 Qg6 26. Qe1 Qf6 27. c4 Nf4 28. Bf1 Rd8 29. g3 Ng6 30. h4 Rcd7 31. Kg2 Rd1 32. Qc3 Qf5 33. Qe3 h6 34. Be2 R1d7 35. h5 Ne7 36. Ne5 Rd6 37. g4 Qh7 38. Rd3 f6 39. Nf3 e5 40. Rxd6 Rxd6 41. Bd3 Kf8 42. Bc2 b6 43. Rxe5 Qxc2 44. Rxe7 Bf7 45. Rc7 Re6 46. Rxf7+ Kxf7 47. Qxe6+ 1-0

[Event "HUN-chT2 9899"]
[Site "?"]
[Date "1998.??.??"]
[Round "?"]
[White "Schlusnik Nandor"]
[Black "Barva Attila"]
[Result "1-0"]
[WhiteElo "2265"]
[BlackElo "2275"]
[PlyCount "105"]
[EventDate "1998.??.??"]
[Source "www.chesslib.no"]
[SourceDate "2004.05.04"]

1. e4 e6 2. d4 d5 3. Nc3 Nf6 4. Bd3 a6 5. Nf3 b5 6. exd5 exd5 7. O-O Bg4 8. Qe1+ Be7 9. Ne5 Bh5 10. f4 c5 11. dxc5 Bxc5+ 12. Kh1 O-O 13. Qh4 Re8 14. Bd2 Ra7 15. Rae1 Rae7 16. h3 Bg6 17. Nxg6 Rxe1 18. Rxe1 hxg6 19. f5 Rxe1+ 20. Qxe1 gxf5 21. Bxf5 Qd6 22. Qh4 Qe5 23. Qf4 Qe8 24. Qf3 Qe5 25. Qf4 Qe8 26. a3 Nc6 27. Qc7 g6 28. Bd3 Bd4 29. Qd6 Be5 30. Nxd5 Nh5 31. Qxc6 Ng3+ 32. Kg1 Bd4+ 33. Kh2 Qe5 34. Nf4 Nh5 35. g3 Nf6 36. c3 Bc5 37. Qa8+ Kg7 38. Qf3 Qd6 39. Be1 Ba7 40. Bf1 Nd7 41. Bf2 Ne5 42. Qe2 Bxf2 43. Qxf2 g5 44. Ne2 g4 45. Nd4 Qg6 46. h4 Qb1 47. Bg2 f6 48. Ne6+ Kf7 49. Ng5+ Kg7 50. Qa7+ Kg8 51. Bd5+ Kh8 52. Qb8+ Kg7 53. Qg8+ 1-0

[Event "Pula op"]
[Site "Pula"]
[Date "2000.05.18"]
[Round "3"]
[White "Marinsek, Tomaz"]
[Black "Jurkovic, Ante"]
[Result "0-1"]
[WhiteElo "2184"]
[BlackElo "2326"]
[PlyCount "66"]
[EventDate "2000.05.16"]
[Source "ChessBase"]
[SourceDate "2000.07.11"]

1. e4 e6 2. d4 d5 3. Nc3 Nf6 4. Bd3 c5 5. dxc5 dxe4 6. Nxe4 Nxe4 7. Bxe4 Qxd1+ 8. Kxd1 Bxc5 9. Ke2 f5 10. Bd3 e5 11. Be3 Bxe3 12. Kxe3 Nc6 13. Bb5 Bd7 14. Nf3 Nb4 15. Bxd7+ Kxd7 16. Rad1+ Ke6 17. c3 Nd5+ 18. Kd2 Rhd8 19. Kc2 Kf6 20. Rhe1 e4 21. Nd4 Nf4 22. g3 Nd3 23. Re2 Rac8 24. Kb1 Ne5 25. Rde1 Rd5 26. h3 g6 27. a3 b5 28. Ka2 a5 29. Kb3 Rc4 30. Nc2 Rd3 31. Re3 Nf3 32. Rh1 Rd2 33. Rf1 a4+ 0-1

[Event "DEN Ch qual"]
[Site "Copenhagen DEN"]
[Date "1995.??.??"]
[Round "3"]
[White "Aagaard, Jacob"]
[Black "Thuesen, Mogens"]
[Result "1-0"]
[WhiteElo "2245"]
[BlackElo "2250"]
[PlyCount "77"]
[EventDate "1995.??.??"]
[Source "www.chesslib.no"]
[SourceDate "2004.05.04"]

1. e4 e6 2. d4 d5 3. Nc3 Nf6 4. Bd3 c5 5. Nf3 Nc6 6. exd5 exd5 7. O-O c4 8. Re1+ Be7 9. Bf1 Bg4 10. Be3 O-O 11. a3 Ne4 12. Ne2 Bd6 13. Nd2 Qc7 14. Nxe4 dxe4 15. h3 Bh5 16. Qd2 Bxe2 17. Qxe2 b5 18. a4 a6 19. axb5 axb5 20. Rxa8 Rxa8 21. f3 Bg3 22. Rd1 f5 23. fxe4 fxe4 24. Qh5 Nb4 25. Qxb5 Rb8 26. Qxc4+ Qxc4 27. Bxc4+ Kf8 28. d5 Nxc2 29. Bc5+ Ke8 30. d6 Kd7 31. Be2 Kc6 32. b4 Rd8 33. d7 Ne1 34. Bf2 Bxf2+ 35. Kxf2 Nd3+ 36. Bxd3 exd3 37. Rxd3 Kb5 38. Rd4 Kc6 39. Ke3 1-0

[Event "AUT-chT2O 9798"]
[Site "?"]
[Date "1997.11.08"]
[Round "2"]
[White "Eibersberger Manfred"]
[Black "Reschun Sascha"]
[Result "1/2-1/2"]
[WhiteElo "2240"]
[BlackElo "2255"]
[PlyCount "63"]
[EventDate "1997.??.??"]
[Source "www.chesslib.no"]
[SourceDate "2004.05.04"]

1. e4 e6 2. d4 d5 3. Nc3 Nf6 4. Bd3 c5 5. Nf3 c4 6. Be2 Bb4 7. Bg5 Bxc3+ 8. bxc3 Qa5 9. exd5 exd5 10. O-O Qxc3 11. Bxf6 gxf6 12. Nh4 Nc6 13. Re1 O-O 14. Bg4 Qxd4 15. Bxc8 Qxd1 16. Raxd1 Raxc8 17. Rxd5 Rfd8 18. Red1 Rxd5 19. Rxd5 Nb4 20. Rd2 c3 21. Re2 Nxa2 22. Nf5 Rd8 23. g4 Kf8 24. Re7 Rb8 25. Rc7 a5 26. Nh6 a4 27. Rxf7+ Ke8 28. Rxh7 Kd8 29. Nf5 b5 30. Nd4 Rb6 31. Ra7 Nb4 32. Ra5 1/2-1/2

[Event "AUT-chT2S 9293"]
[Site "Austria"]
[Date "1993.??.??"]
[Round "?"]
[White "Fahrner, Kurt"]
[Black "Brod, Manfred"]
[Result "1-0"]
[WhiteElo "2265"]
[BlackElo "2220"]
[PlyCount "95"]
[EventDate "1992.??.??"]
[Source "www.chesslib.no"]
[SourceDate "2004.05.04"]

1. e4 e6 2. d4 d5 3. Nc3 Nf6 4. Bd3 c5 5. dxc5 Bxc5 6. e5 Nfd7 7. Nf3 Nc6 8. Bf4 a6 9. O-O b5 10. Qe2 Nb4 11. a3 Nxd3 12. cxd3 O-O 13. b4 Be7 14. Nd4 Qb6 15. Be3 Qc7 16. f4 Bb7 17. Rfc1 Qb8 18. Nb3 Rc8 19. Bd4 Re8 20. Qe3 f6 21. Ne2 f5 22. Bc5 Bxc5 23. Nxc5 Qa7 24. Kf2 Nxc5 25. Rxc5 Rac8 26. Rac1 Qb8 27. Nd4 Qa8 28. R1c3 Rxc5 29. Rxc5 Re7 30. Qc1 Qb8 31. g3 g5 32. Nc6 Bxc6 33. Rxc6 Qa7+ 34. Qc5 gxf4 35. gxf4 Kf7 36. Ke3 Qxc5+ 37. bxc5 Ra7 38. Rb6 Ke7 39. Kd4 Kd7 40. Rd6+ Ke7 41. c6 a5 42. Kc5 b4 43. axb4 a4 44. Kb6 a3 45. Kxa7 a2 46. c7 a1=Q+ 47. Kb7 Qd4 48. c8=Q 1-0

[Event "Slovan Open"]
[Site "Bratislava SVK"]
[Date "1994.??.??"]
[Round "?"]
[White "Petrik, Karol"]
[Black "Majzlan, Igor"]
[Result "1/2-1/2"]
[WhiteElo "2260"]
[BlackElo "2225"]
[PlyCount "120"]
[EventDate "1994.??.??"]
[Source "www.chesslib.no"]
[SourceDate "2004.05.04"]

1. e4 e6 2. d4 d5 3. Nc3 Nf6 4. Bd3 c5 5. exd5 Nxd5 6. Nf3 Nc6 7. Nxd5 Qxd5 8. O-O Nxd4 9. Nxd4 cxd4 10. Re1 Be7 11. Bf4 Bf6 12. Qg4 O-O 13. Qg3 g6 14. Be5 Bxe5 15. Rxe5 Qd6 16. f4 Bd7 17. Rae1 Bc6 18. f5 exf5 19. Bxf5 Kh8 20. Bd3 Rad8 21. Qh4 Rde8 22. Re7 Rxe7 23. Qxe7 Qxe7 24. Rxe7 Kg7 25. a4 Kf6 26. Rc7 Ke5 27. Re7+ Kd6 28. Re1 Bxa4 29. Ra1 Bc6 30. Rxa7 Re8 31. Kf2 Re7 32. Ra8 f5 33. h4 Be4 34. Ra4 Kc5 35. Ra5+ Kb6 36. Ra3 Bxd3 37. Rxd3 Re4 38. Rh3 Kc5 39. h5 g5 40. Rf3 f4 41. g3 Kd5 42. Rb3 fxg3+ 43. Rxg3 h6 44. Rb3 Kc6 45. Rf3 Re6 46. Rf5 b6 47. Kf1 Kd6 48. Kf2 Ke7 49. Rd5 Rc6 50. Re5+ Kf6 51. Re2 Re6 52. Rd2 Re4 53. c3 Ke5 54. cxd4+ Rxd4 55. Rc2 Kf4 56. Rc6 Rd2+ 57. Ke1 Rxb2 58. Rxh6 g4 59. Kf1 g3 60. Rg6 Kf3 1/2-1/2

[Event "otb"]
[Site "otb"]
[Date "2007.03.10"]
[Round "8"]
[White "Bjerke Silje"]
[Black "Gudbrandsen Gustav"]
[Result "1-0"]
[WhiteElo "2195"]
[BlackElo "2280"]
[PlyCount "85"]
[Source "www.chesslib.no"]
[SourceDate "2004.05.04"]

1. e4 e6 2. d4 d5 3. Nc3 Nf6 4. Bd3 c5 5. exd5 Nxd5 6. Nxd5 Qxd5 7. Nf3 cxd4 8. O-O Nc6 9. Re1 Be7 10. Be4 Qc5 11. b3 O-O 12. Bb2 Rd8 13. Qd3 Nb4 14. Qe2 Bf6 15. Red1 e5 16. Ba3 Qa5 17. Bxb4 Qxb4 18. Bd3 Qe7 19. Re1 Re8 20. Rad1 g6 21. Qd2 Bg4 22. Be4 Rac8 23. h3 Bxf3 24. Bxf3 Bg5 25. Qd3 Rc3 26. Qb5 Rc5 27. Qxb7 Rxc2 28. Qb5 Bh4 29. g3 Rc5 30. Qa4 Bf6 31. Rxd4 Rc2 32. Rd7 Qc5 33. Rf1 e4 34. Bd1 Rc1 35. Qxa7 Qxa7 36. Rxa7 Bd4 37. Rd7 Bc5 38. Be2 Rc2 39. Bc4 Rf8 40. Rc7 Bd4 41. Bxf7+ Rxf7 42. Rxc2 Rf3 43. Kg2 1-0

[Event "Chigorin Memorial"]
[Site "?"]
[Date "2000.10.31"]
[Round "1"]
[White "Feoktistov Alexey A"]
[Black "Bashkirov Valentin"]
[Result "1-0"]
[WhiteElo "2394"]
[BlackElo "2080"]
[PlyCount "81"]
[EventDate "2000.??.??"]
[Source "www.chesslib.no"]
[SourceDate "2004.05.04"]

1. e4 e6 2. d4 d5 3. Nc3 Nf6 4. Bd3 c5 5. Nf3 c4 6. Be2 Bb4 7. Nd2 Nc6 8. e5 Nd7 9. Nf3 Bxc3+ 10. bxc3 Qa5 11. Bd2 f6 12. O-O O-O 13. exf6 Nxf6 14. Qe1 Bd7 15. Bc1 b5 16. Bd1 Ne4 17. Bb2 Rae8 18. Ne5 Nxe5 19. dxe5 Rf7 20. f3 Nc5 21. Bc1 Na4 22. Bd2 Ref8 23. Kh1 Qc7 24. f4 Nc5 25. Bh5 g6 26. Bf3 Bc6 27. Be3 Na4 28. g3 Qb7 29. Bd4 a5 30. a3 Qe7 31. Qe3 h5 32. Bg2 Rh7 33. h4 Rhf7 34. Kh2 Kg7 35. Bh3 Rc8 36. Rg1 Bd7 37. g4 Qxh4 38. f5 gxf5 39. gxf5+ Kf8 40. fxe6 Bxe6 41. Qh6+ 1-0

[Event "HUN-chT2"]
[Site "HUN"]
[Date "1993.??.??"]
[Round "?"]
[White "Csapo, Zoltan"]
[Black "Galyas, Miklos"]
[Result "1-0"]
[WhiteElo "2265"]
[BlackElo "2205"]
[PlyCount "69"]
[EventDate "1993.??.??"]
[Source "www.chesslib.no"]
[SourceDate "2004.05.04"]

1. e4 e6 2. d4 d5 3. Nc3 Nf6 4. Bd3 c5 5. Nf3 cxd4 6. Nxd4 e5 7. Nf3 d4 8. Nb1 Nc6 9. Nbd2 Bg4 10. h3 Bh5 11. O-O Be7 12. Re1 O-O 13. a3 Nd7 14. Nf1 Nc5 15. Bc4 Bg6 16. Bd5 Rc8 17. Bd2 Qc7 18. b4 Ne6 19. Rc1 Rfd8 20. c4 a5 21. Qb3 axb4 22. axb4 Ra8 23. c5 Nf8 24. Ng3 Bf6 25. h4 h6 26. h5 Bh7 27. b5 Nb8 28. Bb4 Re8 29. Ra1 Rxa1 30. Rxa1 Ne6 31. Ra7 Nd8 32. c6 Qb6 33. Bxf7+ Kh8 34. Bxe8 Qxa7 35. c7 1-0

[Event "MK Cafe Cup Open B"]
[Site "?"]
[Date "1999.08.10"]
[Round "7"]
[White "Swicarz Maciej"]
[Black "Michalski Olaf"]
[Result "0-1"]
[WhiteElo "2134"]
[BlackElo "2331"]
[PlyCount "80"]
[EventDate "1999.??.??"]
[Source "www.chesslib.no"]
[SourceDate "2004.05.04"]

1. e4 e6 2. d4 d5 3. Nc3 Nf6 4. Bd3 c5 5. exd5 exd5 6. Qe2+ Be7 7. dxc5 O-O 8. Nf3 Nc6 9. h3 Bxc5 10. O-O Re8 11. Qd1 h6 12. Bf4 d4 13. Ne2 Nd5 14. Bg3 Qf6 15. Nc1 Nf4 16. Bxf4 Qxf4 17. Bb5 Bb6 18. Nb3 Bf5 19. Bd3 Be6 20. Nc1 Bd5 21. Ne2 Qf6 22. Nh2 Ne5 23. Ng4 Nxg4 24. hxg4 Qg5 25. f3 Qe3+ 26. Kh1 h5 27. Qc1 hxg4 28. Qxe3 Rxe3 29. Nf4 Bc6 30. fxg4 Rg3 31. Kh2 Rxg4 32. g3 g6 33. Be2 Rg5 34. Bc4 Rf8 35. Rae1 Bc5 36. Kh3 Bd7+ 37. Kg2 Bc6+ 38. Kh3 Bd7+ 39. Kg2 Kg7 40. Ne2 Bd6 0-1

[Event "otb"]
[Site "otb"]
[Date "2007.03.10"]
[Round "8"]
[White "Moen Ole Christian"]
[Black "Berg Jensen Joachim"]
[Result "1/2-1/2"]
[WhiteElo "2231"]
[BlackElo "2232"]
[PlyCount "64"]
[Source "www.chesslib.no"]
[SourceDate "2004.05.04"]

1. e4 e6 2. d4 d5 3. Nc3 Nf6 4. Bd3 c5 5. Nf3 cxd4 6. Nxd4 e5 7. Nf3 d4 8. Ne2 Nc6 9. O-O Bd6 10. Ng3 O-O 11. Nh4 Bg4 12. f3 Be6 13. Nhf5 Ne7 14. Nxd6 Qxd6 15. f4 Rac8 16. f5 Bc4 17. Bg5 Bxd3 18. cxd3 Rc6 19. Qd2 Rfc8 20. Rac1 Rxc1 21. Rxc1 Rxc1+ 22. Qxc1 Nc6 23. a3 Nd7 24. Nf1 f6 25. Qc4+ Kf8 26. Bc1 Qc5 27. Qe6 Qxc1 28. Qxd7 Qxb2 29. Qc8+ Kf7 30. Qe6+ Kf8 31. Qc8+ Kf7 32. Qe6+ Kf8 1/2-1/2

[Event "La Lira op"]
[Site "?"]
[Date "1996.??.??"]
[Round "3"]
[White "Ritter Aguilar Jorge"]
[Black "Yepes Martinez Eduardo"]
[Result "1-0"]
[WhiteElo "2145"]
[BlackElo "2315"]
[PlyCount "61"]
[EventDate "1996.??.??"]
[Source "www.chesslib.no"]
[SourceDate "2004.05.04"]

1. e4 e6 2. d4 d5 3. Nc3 Nf6 4. Bd3 c5 5. dxc5 Bxc5 6. e5 Nfd7 7. Qg4 g6 8. Nf3 Nc6 9. Bf4 Qb6 10. O-O Qxb2 11. Nb5 Ndxe5 12. Nxe5 Nxe5 13. Qg3 Nxd3 14. Nc7+ Ke7 15. cxd3 Bd7 16. Be5 Qd2 17. Bxh8 Rxh8 18. Qe5 Rc8 19. Nxd5+ Kd8 20. Qf6+ Ke8 21. Qh8+ Bf8 22. Ne3 Rc5 23. Rfd1 Qb4 24. d4 Rh5 25. h3 Qd6 26. Ng4 Rg5 27. Qxh7 Qf4 28. Qh8 Bc6 29. d5 Bd7 30. Nf6+ Ke7 31. d6+ 1-0

[Event "Oberliga Sued W 0102"]
[Site "?"]
[Date "2002.01.13"]
[Round "?"]
[White "Panic Nikola"]
[Black "Repplinger Marc"]
[Result "1-0"]
[WhiteElo "2262"]
[BlackElo "2185"]
[PlyCount "99"]
[EventDate "2002.??.??"]
[Source "www.chesslib.no"]
[SourceDate "2004.05.04"]

1. e4 e6 2. d4 d5 3. Nc3 Nf6 4. Bd3 c5 5. exd5 exd5 6. Nf3 Nc6 7. O-O c4 8. Re1+ Be7 9. Bf1 Bg4 10. Ne2 Bxf3 11. gxf3 Nh5 12. Ng3 Nxg3 13. hxg3 O-O 14. f4 Bf6 15. c3 Qd7 16. Qf3 g6 17. g4 Bg7 18. f5 Rfe8 19. Bd2 h6 20. Bg2 Rad8 21. Rxe8+ Qxe8 22. Re1 Qd7 23. fxg6 fxg6 24. g5 Qf7 25. Qxf7+ Kxf7 26. gxh6 Bf6 27. Re3 Ne7 28. Bh3 Nf5 29. Bxf5 gxf5 30. Rf3 Ke6 31. Rg3 Rh8 32. Kg2 b5 33. Rh3 Kf7 34. Kf3 Re8 35. Rg3 Re4 36. Bf4 Re1 37. Rh3 Re8 38. Be3 Re4 39. h7 Re8 40. Kf4 Kg6 41. Rg3+ Kxh7 42. Kxf5 Bg7 43. Rg4 a5 44. Rg6 Rf8+ 45. Kg5 Rg8 46. Kh5 Bf8 47. Rxg8 Kxg8 48. Kg6 b4 49. Bd2 b3 50. a4 1-0

[Event "France (championnat N2)"]
[Site "?"]
[Date "2004.03.13"]
[Round "8"]
[White "Calas Bernard"]
[Black "Geffroy Laurent"]
[Result "1/2-1/2"]
[WhiteElo "2202"]
[BlackElo "2239"]
[PlyCount "95"]
[EventDate "2004.??.??"]
[Source "www.chesslib.no"]
[SourceDate "2004.05.04"]

1. e4 e6 2. d4 d5 3. Nc3 Nf6 4. Bd3 c5 5. Nf3 Nc6 6. Be3 cxd4 7. Nxd4 e5 8. Nxc6 bxc6 9. Bg5 d4 10. Ne2 Be7 11. O-O O-O 12. b3 Be6 13. h3 Nd7 14. Bxe7 Qxe7 15. f4 f6 16. Qd2 c5 17. Qa5 Nb6 18. fxe5 fxe5 19. Qa3 Rxf1+ 20. Rxf1 Rf8 21. Rxf8+ Kxf8 22. Qa6 Bc8 23. Qa5 Be6 24. Qa6 Qc7 25. Qa3 g6 26. Qc1 Kg7 27. c3 Qd6 28. cxd4 cxd4 29. g4 Nd7 30. Qd2 Qe7 31. Kg2 h6 32. Ng1 Qa3 33. Nf3 a5 34. Bb5 Qc5 35. Bd3 Nb8 36. Qc2 Qxc2+ 37. Bxc2 Kf6 38. Nd2 Nc6 39. a3 Ke7 40. Bd3 Kd6 41. Bb5 Ne7 42. Bc4 Bc8 43. Bf7 Ba6 44. Kf3 g5 45. Bc4 Bc8 46. Bf7 Ba6 47. Bc4 Bc8 48. Bf7 1/2-1/2

[Event "11eme Open International de Saint-Affri"]
[Site "?"]
[Date "2003.??.??"]
[Round "1.27"]
[White "Rodriguez Angel"]
[Black "David Vincent"]
[Result "0-1"]
[WhiteElo "2097"]
[BlackElo "2333"]
[PlyCount "82"]
[EventDate "2003.??.??"]
[Source "www.chesslib.no"]
[SourceDate "2004.05.04"]

1. e4 e6 2. d4 d5 3. Nc3 Nf6 4. Bd3 Bb4 5. e5 Nfd7 6. Qg4 g6 7. Bg5 Be7 8. Bxe7 Qxe7 9. h4 h5 10. Qf4 a6 11. Nce2 c5 12. c3 Nc6 13. a3 Nb6 14. Rh3 cxd4 15. cxd4 Bd7 16. Rf3 Qf8 17. Nh3 Ne7 18. Ng5 Nf5 19. g3 Qe7 20. Rc1 Bc6 21. Rc5 Qd8 22. Qc1 Nd7 23. Rc2 Ba4 24. Bxf5 gxf5 25. b3 Bb5 26. Rfc3 Qa5 27. Nf4 Bc6 28. Kf1 Nf8 29. Kg1 Ke7 30. b4 Qb6 31. Rxc6 bxc6 32. Rxc6 Qb5 33. a4 Qxa4 34. Qc5+ Ke8 35. Rc7 Nd7 36. Qd6 Rh6 37. Nxd5 exd5 38. Qxh6 Qxb4 39. Qh8+ Nf8 40. Rxf7 Rc8 41. Rxf5 Qb1+ 0-1